| 000 | 00437nam a22001697a 4500 | ||
|---|---|---|---|
| 999 |
_c526576 _d526576 |
||
| 003 | NUST | ||
| 020 | _q(Hbk) | ||
| 038 | _aM. Shaban | ||
| 082 |
_a891.4391 _bHAM |
||
| 100 |
_aHameed yousafi _917587 |
||
| 245 |
_aDard soghaat / _cHameed yousafi |
||
| 260 |
_aRawalpindi : _bAdara ablag e Khudi , _c1994. |
||
| 300 | _a192 p. ; | ||
| 880 |
_6100-01\r _aحمید یوسفی |
||
| 880 |
_6245-02\r _aدرد سوغات / |
||
| 942 |
_2ddc _cBK |
||